1024 1582 1338 1891 1421 1194 1395 1850 1908 1716 1775 1442 1453 1625 1141 1245 1299 1654 1370 1168 1294 1083 1637 1474 1771 1309 1278 1011 1931 1358 1166 1239 1429 1102 1437 1589 1633 1421 1606 1814 1084 1921 1876 1092 1568 1879 1052 1199 1011 1280 1573 1179 1543 1475 1495 1525 1413 1942 1377 1094 1484 1680 1091 1018 1181 1551 1169 1960 1330 1861 1724 1404 1831 1424 1379 1153 1492 1400 1713 1687 1719 1648 1968 1600 1042 1123 1846 1902 1873 1884 1846 1114 1870 1922 1934 1476 1846 1540 1732 BCNSPRNW ULIB Ver.6.0+V

เปลี่ยนเป็นภาษาไทย

Change to English
 แสดงรายละเอียดบรรณานุกรม
  กลับหน้าหลัก

Brief Record : Get Marc (ISO 2709) : E-mail record : QR code < ปิดหน้าต่าง
LEADER : 00000nam 2200000uu 4500
001    13399120145
003     ULIB
008    120905s2553||||th 000 0 tha d
020    ^a9789744659408
060 04 ^aWY100^bอ695ค
100 0  ^aอภิญญา เพียรพิจารณ์
245 10 ^aคู่มือปฏิบัติการพยาบาล ^nเล่ม 1 /^cอภิญญา เพียรพิจารณ์
250    ^aพิมพ์ครั้งที่ 4
260    ^aนนทบุรี :^bโครงการสวัสดิการวิชาการ สถาบันพระบรมราชชนก,^c2553
300    ^a195 หน้า :^bภาพประกอบ
504    ^aมีบรรณานุกรมและดัชนี
650  7 ^aการพยาบาล^vคู่มือ
710 2  ^aสถาบันพระบรมราชชนก. ^bโครงการสวัสดิการวิชาการ
945    ^p250^l0^i032691
945    ^p250^l0^i032692
945    ^p250^l0^i032693
945    ^p250^l0^i032694
945    ^p250^l0^i032695
995    ^aทศพร
999    ^aทศพร
รายการนี้ยังไม่มีแท็ก
คุณยังไม่ได้ล็อกอิน คุณสามารถมีกิจกรรมร่วมกับเว็บไซต์ได้ แต่ต้องล็อกอินก่อน ::
  ล็อกอิน

รายการสื่อสารสนเทศ

ลำดับที่ ประเภท เลขเรียก/บาร์โค้ด สถานที่ สถานะ
1. วิทยาศาสตร์การแพทย์ และสุขภาพ
หนังสือสำรอง
สถานะ=หนังสือสำรอง
WY100 อ695ค ฉ.1 
  Barcode: 032691
ห้องสมุดวิทยาเขตสวรรค์ประชารักษ์
►ส่วนจัดเก็บหนังสือเก่า สปร
บนชั้น
  ขอยืม
2. วิทยาศาสตร์การแพทย์ และสุขภาพ
วิทยาศาสตร์การแพทย์ และสุขภาพ
WY100 อ695ค ฉ.4 
  Barcode: 032694
ห้องสมุดวิทยาเขตสวรรค์ประชารักษ์
►ส่วนจัดเก็บหนังสือเก่า สปร
บนชั้น
  ขอยืม
3. วิทยาศาสตร์การแพทย์ และสุขภาพ
วิทยาศาสตร์การแพทย์ และสุขภาพ
WY100 อ695ค ฉ.5 
  Barcode: 032695
ห้องสมุดวิทยาเขตสวรรค์ประชารักษ์
►ส่วนจัดเก็บหนังสือเก่า สปร
บนชั้น
  ขอยืม

รายการใกล้เคียง
    ผู้แต่ง [อภิญญา เพียรพิจารณ์]

BibComment


ยังไม่เคยถูกคอมเมนท์

คอมเมนท์ทรัพยากรรายการนี้
  คอมเมนท์: คู่มือปฏิบัติการ..


 Copyright 2026. Bcnsprnw @Library